[Event "Marianske Lazne 2023"]
[Site "?"]
[Date "2023.01.20"]
[Round "8.8"]
[White "Finek, Vaclav"]
[Black "Ricken, Katharina"]
[Result "1-0"]
[BlackElo "2177"]
[WhiteElo "2406"]
[LiveChessVersion "1.4.8"]

1. d4 {[%clk 1:30:59]} e6 {[%clk 1:30:56]} 2. c4 {[%clk 1:31:25]} Bb4+
{[%clk 1:31:23]} 3. Bd2 {[%clk 1:31:50]} Qe7 {[%clk 1:31:50]} 4. g3
{[%clk 1:32:14]} Nf6 {[%clk 1:32:15]} 5. Bg2 {[%clk 1:32:40]} Bxd2+
{[%clk 1:32:38]} 6. Qxd2 {[%clk 1:32:57]} d6 {[%clk 1:32:42]} 7. e3
{[%clk 1:33:04]} e5 {[%clk 1:32:32]} 8. Ne2 {[%clk 1:32:47]} c6 {[%clk 1:32:48]}
9. Nbc3 {[%clk 1:33:03]} Bg4 {[%clk 1:31:48]} 10. O-O {[%clk 1:29:05]} Bxe2
{[%clk 1:32:06]} 11. Nxe2 {[%clk 1:25:21]} a5 {[%clk 1:31:37]} 12. Rfb1
{[%clk 1:16:48]} Qc7 {[%clk 1:26:18]} 13. b4 {[%clk 1:07:13]} axb4
{[%clk 1:24:41]} 14. Qxb4 {[%clk 1:07:24]} Ra7 {[%clk 1:24:40]} 15. Nc3
{[%clk 0:47:28]} Nbd7 {[%clk 1:22:38]} 16. a4 {[%clk 0:44:21]} b6
{[%clk 1:21:00]} 17. dxe5 {[%clk 0:29:05]} dxe5 {[%clk 1:19:32]} 18. Rd1
{[%clk 0:28:22]} Ra5 {[%clk 1:16:59]} 19. Qd6 {[%clk 0:23:57]} Qxd6
{[%clk 1:15:26]} 20. Rxd6 {[%clk 0:24:18]} Ke7 {[%clk 0:59:04]} 21. Rxc6
{[%clk 0:24:14]} Rha8 {[%clk 0:54:11]} 22. Rb1 {[%clk 0:22:22]} R8a6
{[%clk 0:53:19]} 23. Rb5 {[%clk 0:17:56]} Rxb5 {[%clk 0:52:50]} 24. cxb5
{[%clk 0:18:07]} Ra7 {[%clk 0:52:33]} 25. Bf3 {[%clk 0:13:05]} Kd8
{[%clk 0:52:16]} 26. Bd1 {[%clk 0:12:10]} Rc7 {[%clk 0:49:36]} 27. Rxc7
{[%clk 0:12:33]} Kxc7 {[%clk 0:50:04]} 28. Bb3 {[%clk 0:12:44]} Kd6
{[%clk 0:50:08]} 29. Bxf7 {[%clk 0:13:08]} Kc5 {[%clk 0:50:32]} 30. Na2
{[%clk 0:10:18]} Nd5 {[%clk 0:48:25]} 31. Kf1 {[%clk 0:09:44]} Nb4
{[%clk 0:48:36]} 32. Nc3 {[%clk 0:08:44]} Nd3 {[%clk 0:48:30]} 33. Ke2
{[%clk 0:07:58]} Nb2 {[%clk 0:48:43]} 34. Be8 {[%clk 0:02:26]} Nf6
{[%clk 0:48:57]} 35. Bc6 {[%clk 0:02:15]} Kb4 {[%clk 0:48:47]} 36. Kd2
{[%clk 0:02:03]} Kb3 {[%clk 0:45:39]} 37. Ne4 {[%clk 0:01:14]} Nxa4
{[%clk 0:44:52]} 38. Nxf6 {[%clk 0:00:47]} gxf6 {[%clk 0:45:22]} 39. f4
{[%clk 0:00:34]} exf4 {[%clk 0:45:09]} 40. exf4 {[%clk 0:00:36]} Kc4
{[%clk 0:44:34]} 41. Ke3 {[%clk 0:21:22]} Nc3 {[%clk 1:14:52]} 42. g4
{[%clk 0:20:58]} Nxb5 {[%clk 1:10:56]} 43. Be4 {[%clk 0:20:39]} Nc3
{[%clk 1:06:01]} 44. Bxh7 {[%clk 0:20:32]} Kd5 {[%clk 1:06:12]} 45. Bg8+
{[%clk 0:19:07]} Kd6 {[%clk 1:04:53]} 46. h4 {[%clk 0:17:32]} Ke7
{[%clk 1:05:13]} 47. h5 {[%clk 0:15:51]} Kf8 {[%clk 1:05:13]} 48. Bb3
{[%clk 0:13:56]} Kg7 {[%clk 1:05:26]} 49. g5 {[%clk 0:13:36]} fxg5
{[%clk 1:00:32]} 50. fxg5 {[%clk 0:13:59]} b5 {[%clk 1:00:00]} 51. Kd4
{[%clk 0:08:29]} Ne2+ {[%clk 0:57:44]} 52. Ke5 {[%clk 0:08:43]} Nc1
{[%clk 0:54:04]} 53. h6+ {[%clk 0:07:30]} Kh8 {[%clk 0:53:47]} 54. Bc2
{[%clk 0:05:36]} b4 {[%clk 0:53:50]} 55. g6 {[%clk 0:05:43]} b3 {[%clk 0:54:04]}
56. g7+ {[%clk 0:05:30]} Kg8 {[%clk 0:54:32]} 57. Kf6 {[%clk 0:04:17]} 1-0

[Event "Marianske Lazne 2023"]
[Site "?"]
[Date "2023.01.20"]
[Round "8.9"]
[White "Pajeken, Jakob Leon"]
[Black "Haba, Petr"]
[Result "1/2-1/2"]
[BlackElo "2450"]
[WhiteElo "2449"]
[LiveChessVersion "1.4.8"]

1. e4 {[%clk 1:30:39]} e5 {[%clk 1:30:30]} 2. Nf3 {[%clk 1:31:03]} Nf6
{[%clk 1:30:47]} 3. Nxe5 {[%clk 1:31:28]} d6 {[%clk 1:31:13]} 4. Nf3
{[%clk 1:31:55]} Nxe4 {[%clk 1:31:36]} 5. d4 {[%clk 1:32:22]} d5 {[%clk 1:31:57]}
6. Bd3 {[%clk 1:32:48]} Bd6 {[%clk 1:32:17]} 7. O-O {[%clk 1:32:44]} O-O
{[%clk 1:32:38]} 8. c4 {[%clk 1:32:11]} c6 {[%clk 1:32:55]} 9. Re1
{[%clk 1:31:37]} Bf5 {[%clk 1:33:01]} 10. Nc3 {[%clk 1:31:11]} Nxc3
{[%clk 1:32:30]} 11. bxc3 {[%clk 1:31:36]} Bxd3 {[%clk 1:32:55]} 12. Qxd3
{[%clk 1:32:03]} dxc4 {[%clk 1:33:17]} 13. Qxc4 {[%clk 1:32:30]} Nd7
{[%clk 1:33:40]} 14. Rb1 {[%clk 1:31:03]} Qc7 {[%clk 1:32:44]} 15. Bg5
{[%clk 1:29:11]} Rfe8 {[%clk 1:30:00]} 16. Bh4 {[%clk 1:28:11]} h6
{[%clk 1:29:24]} 17. Qd3 {[%clk 1:25:14]} c5 {[%clk 1:23:12]} 18. Qb5
{[%clk 1:21:45]} Rxe1+ {[%clk 1:17:57]} 19. Rxe1 {[%clk 1:22:00]} a6
{[%clk 1:16:53]} 20. Qb1 {[%clk 1:20:56]} cxd4 {[%clk 1:13:39]} 21. cxd4
{[%clk 1:21:10]} b5 {[%clk 1:12:15]} 22. Qf5 {[%clk 1:17:21]} Nb6
{[%clk 1:04:27]} 23. g4 {[%clk 1:07:53]} Qc6 {[%clk 0:52:54]} 24. Bg3
{[%clk 1:03:49]} Bxg3 {[%clk 0:43:21]} 25. hxg3 {[%clk 1:03:58]} Re8
{[%clk 0:43:43]} 26. Rxe8+ {[%clk 0:58:31]} Qxe8 {[%clk 0:44:12]} 27. g5
{[%clk 0:50:22]} Qe6 {[%clk 0:41:36]} 28. Qf4 {[%clk 0:49:15]} Nd5
{[%clk 0:36:56]} 29. Qb8+ {[%clk 0:49:27]} Kh7 {[%clk 0:37:21]} 30. gxh6
{[%clk 0:47:26]} gxh6 {[%clk 0:37:38]} 31. Ne5 {[%clk 0:46:33]} Kg7
{[%clk 0:37:26]} 32. Qd8 {[%clk 0:40:39]} Nc3 {[%clk 0:31:15]} 33. a3
{[%clk 0:40:07]} Qh3 {[%clk 0:26:07]} 34. f3 {[%clk 0:40:07]} Qxg3+
{[%clk 0:26:18]} 35. Kf1 {[%clk 0:40:19]} Qh3+ {[%clk 0:26:29]} 36. Kf2
{[%clk 0:39:05]} Qh2+ {[%clk 0:24:06]} 37. Ke3 {[%clk 0:37:28]} Qa2
{[%clk 0:13:38]} 38. Kf4 {[%clk 0:33:21]} Qxa3 {[%clk 0:08:09]} 39. Kf5
{[%clk 0:32:28]} Qa2 {[%clk 0:06:22]} 40. Qf6+ {[%clk 0:31:19]} Kg8
{[%clk 0:06:26]} 41. Qxh6 {[%clk 0:30:39]} Qc2+ {[%clk 0:30:00]} 42. Kg4
{[%clk 0:58:06]} Qg2+ {[%clk 0:26:23]} 43. Kf5 {[%clk 0:57:25]} Nd5
{[%clk 0:26:10]} 44. Qd6 {[%clk 0:54:02]} Qc2+ {[%clk 0:23:50]} 45. Kg4
{[%clk 0:53:44]} Qg2+ {[%clk 0:14:19]} 46. Kf5 {[%clk 0:53:45]} Qc2+
{[%clk 0:14:16]} 47. Kg4 {[%clk 0:53:58]} Qg2+ {[%clk 0:14:41]} 1/2-1/2

[Event "Marianske Lazne 2023"]
[Site "?"]
[Date "2023.01.20"]
[Round "8.10"]
[White "Leisch, Lukas"]
[Black "Niedbala, Bartlomiej"]
[Result "1/2-1/2"]
[BlackElo "2390"]
[WhiteElo "2378"]
[LiveChessVersion "1.4.8"]

1. Nf3 {[%clk 1:30:30]} d6 {[%clk 1:29:20]} 2. d4 {[%clk 1:31:16]} Nf6
{[%clk 1:24:12]} 3. c4 {[%clk 1:30:22]} g6 {[%clk 1:24:01]} 4. Nc3
{[%clk 1:30:27]} Bf5 {[%clk 1:24:19]} 5. g3 {[%clk 1:29:06]} Ne4 {[%clk 1:21:32]}
6. Nd5 {[%clk 1:24:08]} c6 {[%clk 1:15:13]} 7. Ne3 {[%clk 1:24:09]} Bd7
{[%clk 1:04:45]} 8. Bg2 {[%clk 1:24:05]} Qa5+ {[%clk 1:02:28]} 9. Nd2
{[%clk 1:23:08]} Nf6 {[%clk 1:02:32]} 10. Nc2 {[%clk 1:15:11]} Bg7
{[%clk 0:58:15]} 11. b4 {[%clk 1:13:49]} Qc7 {[%clk 0:56:16]} 12. Bb2
{[%clk 1:13:33]} O-O {[%clk 0:54:48]} 13. O-O {[%clk 1:13:56]} d5
{[%clk 0:46:24]} 14. Ne3 {[%clk 1:05:03]} Be6 {[%clk 0:43:43]} 15. Qc2
{[%clk 0:55:19]} Qb6 {[%clk 0:39:14]} 16. Rfb1 {[%clk 0:52:18]} Bh6
{[%clk 0:37:35]} 17. f4 {[%clk 0:51:14]} Nbd7 {[%clk 0:33:55]} 18. a4
{[%clk 0:43:10]} Ng4 {[%clk 0:29:43]} 19. Nxg4 {[%clk 0:42:20]} Bxg4
{[%clk 0:28:13]} 20. a5 {[%clk 0:37:52]} Qd8 {[%clk 0:19:18]} 21. cxd5
{[%clk 0:37:53]} cxd5 {[%clk 0:18:30]} 22. Bxd5 {[%clk 0:37:33]} Bxe2
{[%clk 0:17:47]} 23. Bxb7 {[%clk 0:37:09]} Rb8 {[%clk 0:17:00]} 24. a6
{[%clk 0:36:20]} Nb6 {[%clk 0:15:15]} 25. Re1 {[%clk 0:30:29]} Bg4
{[%clk 0:14:44]} 26. Nb3 {[%clk 0:26:38]} Bg7 {[%clk 0:12:47]} 27. Qc5
{[%clk 0:25:20]} Bf6 {[%clk 0:11:18]} 28. Na5 {[%clk 0:23:24]} Bd7
{[%clk 0:11:39]} 29. b5 {[%clk 0:18:47]} e6 {[%clk 0:11:03]} 30. Nc6
{[%clk 0:09:11]} Bxc6 {[%clk 0:11:29]} 31. bxc6 {[%clk 0:09:36]} Qc7
{[%clk 0:11:17]} 32. Ba3 {[%clk 0:08:46]} Rfd8 {[%clk 0:11:02]} 33. Rad1
{[%clk 0:09:01]} Rd5 {[%clk 0:08:47]} 34. Qc3 {[%clk 0:06:20]} Rbd8
{[%clk 0:09:12]} 35. Re4 {[%clk 0:06:23]} Nc8 {[%clk 0:06:49]} 36. Bxc8
{[%clk 0:05:12]} Rxc8 37. Rb1 {[%clk 0:01:24]} Qxc6 {[%clk 0:04:34]} 38. Qxc6
{[%clk 0:01:50]} Rxc6 {[%clk 0:05:02]} 39. Rb8+ {[%clk 0:02:12]} Rd8
{[%clk 0:04:50]} 40. Rxd8+ {[%clk 0:01:58]} Bxd8 {[%clk 0:05:14]} 41. Bc5
{[%clk 0:28:22]} Bb6 {[%clk 0:14:46]} 42. Bxb6 {[%clk 0:26:47]} Rxb6
{[%clk 0:14:57]} 43. d5 {[%clk 0:26:53]} Rxa6 {[%clk 0:10:17]} 44. dxe6
{[%clk 0:27:18]} Rxe6 {[%clk 0:10:22]} 45. Ra4 {[%clk 0:27:33]} a6
{[%clk 0:10:39]} 46. Kf2 {[%clk 0:27:36]} Kg7 {[%clk 0:09:32]} 47. Kf3
{[%clk 0:27:37]} Kf6 {[%clk 0:09:12]} 48. g4 {[%clk 0:25:06]} Ke7
{[%clk 0:08:45]} 49. f5 {[%clk 0:21:27]} gxf5 {[%clk 0:03:02]} 50. gxf5
{[%clk 0:20:45]} Rb6 {[%clk 0:03:29]} 51. Kf4 {[%clk 0:16:29]} Kf6
{[%clk 0:03:43]} 52. h4 {[%clk 0:16:33]} h5 {[%clk 0:02:48]} 53. Ra5
{[%clk 0:16:10]} Rc6 {[%clk 0:02:12]} 54. Ra4 {[%clk 0:16:08]} Rb6
{[%clk 0:02:09]} 55. Ra5 {[%clk 0:16:36]} Rb4+ {[%clk 0:02:04]} 56. Kg3
{[%clk 0:17:04]} Rb3+ {[%clk 0:00:52]} 57. Kf4 {[%clk 0:17:28]} Rb4+
{[%clk 0:01:19]} 58. Kg3 {[%clk 0:17:55]} Rg4+ {[%clk 0:01:20]} 59. Kh3
{[%clk 0:18:20]} Re4 {[%clk 0:01:18]} 60. Kg3 {[%clk 0:17:56]} Re5
{[%clk 0:00:33]} 61. Rxa6+ {[%clk 0:18:22]} Kxf5 {[%clk 0:00:54]} 62. Rh6
{[%clk 0:16:21]} Ke4 {[%clk 0:00:40]} 63. Ra6 {[%clk 0:15:45]} Rd5
{[%clk 0:00:35]} 64. Rf6 {[%clk 0:12:41]} Rf5 {[%clk 0:00:57]} 65. Rh6
{[%clk 0:13:05]} Ra5 {[%clk 0:00:41]} 66. Rf6 {[%clk 0:12:59]} Rf5
{[%clk 0:00:42]} 67. Rh6 {[%clk 0:13:26]} f6 {[%clk 0:00:49]} 68. Rh8
{[%clk 0:12:56]} Re5 {[%clk 0:00:33]} 69. Rh7 {[%clk 0:10:58]} f5
{[%clk 0:00:34]} 70. Rf7 {[%clk 0:11:21]} Re8 {[%clk 0:00:37]} 71. Ra7
{[%clk 0:08:51]} Rg8+ {[%clk 0:00:53]} 72. Kf2 {[%clk 0:09:16]} Rg4
{[%clk 0:00:32]} 73. Ra4+ {[%clk 0:09:30]} Ke5 {[%clk 0:00:40]} 74. Ra5+
{[%clk 0:09:57]} Ke6 {[%clk 0:00:41]} 75. Ra6+ {[%clk 0:10:23]} Ke7
{[%clk 0:00:39]} 76. Ra7+ {[%clk 0:10:45]} Kf6 {[%clk 0:00:40]} 77. Ra6+
{[%clk 0:11:12]} Kg7 {[%clk 0:00:50]} 78. Ra7+ {[%clk 0:11:38]} Kh6
{[%clk 0:00:45]} 79. Ra6+ {[%clk 0:12:07]} Rg6 {[%clk 0:01:07]} 80. Ra5
{[%clk 0:12:11]} Rf6 {[%clk 0:01:30]} 81. Kf3 {[%clk 0:10:59]} Kg6
{[%clk 0:01:56]} 82. Ra8 {[%clk 0:11:24]} Rb6 {[%clk 0:02:02]} 83. Rg8+
{[%clk 0:11:16]} Kf6 {[%clk 0:02:27]} 84. Rg5 {[%clk 0:10:39]} Rb3+
{[%clk 0:02:50]} 85. Kf2 {[%clk 0:11:01]} Ke5 {[%clk 0:03:18]} 86. Rxh5
{[%clk 0:11:24]} Ke4 {[%clk 0:02:27]} 87. Rh8 {[%clk 0:11:16]} Rb2+
{[%clk 0:02:45]} 88. Kg1 {[%clk 0:11:06]} Rb1+ {[%clk 0:01:42]} 1/2-1/2

[Event "Marianske Lazne 2023"]
[Site "?"]
[Date "2023.01.20"]
[Round "8.12"]
[White "Krivenko, Dion"]
[Black "Goroshkov, Maksym"]
[Result "1/2-1/2"]
[BlackElo "2261"]
[WhiteElo "2141"]
[LiveChessVersion "1.4.8"]

1. e4 {[%clk 1:30:58]} e6 {[%clk 1:30:36]} 2. d4 {[%clk 1:31:09]} d5
{[%clk 1:31:03]} 3. Nc3 {[%clk 1:31:10]} Bb4 {[%clk 1:30:25]} 4. e5
{[%clk 1:31:19]} c5 {[%clk 1:30:18]} 5. a3 {[%clk 1:31:30]} cxd4 {[%clk 1:24:10]}
6. axb4 {[%clk 1:31:10]} dxc3 {[%clk 1:24:36]} 7. Qg4 {[%clk 1:31:10]} Kf8
{[%clk 1:24:28]} 8. Nf3 {[%clk 1:25:27]} Nd7 {[%clk 1:17:39]} 9. Bd3
{[%clk 1:19:32]} Qc7 {[%clk 1:13:33]} 10. Qf4 {[%clk 1:17:33]} f6
{[%clk 1:07:26]} 11. exf6 {[%clk 1:14:02]} Qxf4 {[%clk 1:07:50]} 12. fxg7+
{[%clk 1:13:37]} Kxg7 {[%clk 1:08:15]} 13. Bxf4 {[%clk 1:14:03]} cxb2
{[%clk 1:08:40]} 14. Rb1 {[%clk 1:13:27]} Nh6 {[%clk 1:08:01]} 15. Be5+
{[%clk 1:07:26]} Nxe5 {[%clk 1:08:09]} 16. Nxe5 {[%clk 1:07:54]} Nf7
{[%clk 1:07:56]} 17. f4 {[%clk 1:07:13]} Nxe5 {[%clk 1:08:03]} 18. fxe5
{[%clk 1:07:40]} Rf8 {[%clk 1:08:20]} 19. Rxb2 {[%clk 1:04:25]} a5
{[%clk 1:08:25]} 20. Ra2 {[%clk 0:59:32]} b6 {[%clk 1:07:41]} 21. Ke2
{[%clk 0:53:35]} a4 {[%clk 1:03:29]} 22. g3 {[%clk 0:46:28]} Bd7 {[%clk 1:03:09]}
23. b5 {[%clk 0:44:19]} Ra5 {[%clk 0:54:17]} 24. Rb1 {[%clk 0:42:57]} Rc8
{[%clk 0:54:42]} 25. Rb4 {[%clk 0:38:23]} a3 {[%clk 0:53:34]} 26. Ke3
{[%clk 0:33:04]} Rc5 {[%clk 0:52:54]} 27. Rg4+ {[%clk 0:29:59]} Kh8
{[%clk 0:53:10]} 28. Rb4 {[%clk 0:20:04]} Bxb5 {[%clk 0:52:01]} 29. Bxb5
{[%clk 0:20:19]} Rcxb5 {[%clk 0:52:24]} 30. Rxb5 {[%clk 0:20:46]} Rxb5
{[%clk 0:52:50]} 31. Rxa3 {[%clk 0:21:06]} Rb4 {[%clk 0:53:15]} 32. Ra7
{[%clk 0:19:52]} Re4+ {[%clk 0:53:29]} 33. Kd3 {[%clk 0:19:49]} b5
{[%clk 0:53:11]} 34. Rb7 {[%clk 0:18:35]} Rxe5 {[%clk 0:53:34]} 35. Rxb5
{[%clk 0:18:57]} Kg7 {[%clk 0:53:54]} 36. c4 {[%clk 0:15:48]} dxc4+
{[%clk 0:49:46]} 37. Kxc4 {[%clk 0:16:15]} Re2 {[%clk 0:49:38]} 38. Rh5
{[%clk 0:14:47]} Kg6 {[%clk 0:50:01]} 39. Rh4 {[%clk 0:15:07]} h5
{[%clk 0:50:13]} 40. Kd3 {[%clk 0:14:44]} Rg2 {[%clk 0:50:34]} 41. Ke3
{[%clk 0:14:12]} Kg5 {[%clk 0:50:56]} 42. Re4 {[%clk 0:12:25]} Rxh2
{[%clk 0:50:33]} 43. Rxe6 {[%clk 0:12:43]} Kg4 {[%clk 0:50:39]} 44. Rg6+
{[%clk 0:13:00]} Kh3 {[%clk 0:51:01]} 45. Rg5 {[%clk 0:12:10]} Ra2
{[%clk 0:50:56]} 46. Rxh5+ {[%clk 0:12:28]} Kxg3 {[%clk 0:51:21]} 47. Rg5+
{[%clk 0:12:50]} Kh4 {[%clk 0:51:47]} 1/2-1/2

[Event "Marianske Lazne 2023"]
[Site "?"]
[Date "2023.01.20"]
[Round "8.13"]
[White "Terhuven, Patrick"]
[Black "Paszewski, Mateusz"]
[Result "1/2-1/2"]
[BlackElo "2303"]
[WhiteElo "2174"]
[LiveChessVersion "1.4.8"]

1. Nf3 {[%clk 1:30:57]} d5 {[%clk 1:30:45]} 2. d4 {[%clk 1:31:14]} Nf6
{[%clk 1:30:21]} 3. c4 {[%clk 1:31:33]} c6 {[%clk 1:28:44]} 4. cxd5
{[%clk 1:31:47]} cxd5 {[%clk 1:29:10]} 5. Nc3 {[%clk 1:32:05]} Nc6
{[%clk 1:29:15]} 6. Bf4 {[%clk 1:32:24]} Bf5 {[%clk 1:28:06]} 7. e3
{[%clk 1:32:35]} e6 {[%clk 1:27:47]} 8. Qb3 {[%clk 1:32:48]} Bb4 {[%clk 1:26:43]}
9. Bb5 {[%clk 1:32:25]} O-O {[%clk 1:25:22]} 10. Bxc6 {[%clk 1:30:16]} Bxc3+
{[%clk 1:25:35]} 11. Qxc3 {[%clk 1:29:24]} Rc8 {[%clk 1:26:01]} 12. Ne5
{[%clk 1:29:00]} Ng4 {[%clk 1:26:07]} 1/2-1/2

[Event "Marianske Lazne 2023"]
[Site "?"]
[Date "2023.01.20"]
[Round "8.14"]
[White "Pourquet, Matthieu"]
[Black "Jasny, Stanislav"]
[Result "0-1"]
[BlackElo "2245"]
[WhiteElo "2212"]
[LiveChessVersion "1.4.8"]

1. c4 {[%clk 1:30:51]} c5 {[%clk 1:30:32]} 2. Nf3 {[%clk 1:30:19]} g6
{[%clk 1:30:50]} 3. d4 {[%clk 1:30:09]} cxd4 {[%clk 1:31:05]} 4. Nxd4
{[%clk 1:30:33]} Nf6 {[%clk 1:30:56]} 5. Nc3 {[%clk 1:30:46]} d5 {[%clk 1:31:06]}
6. cxd5 {[%clk 1:17:54]} Nxd5 {[%clk 1:31:28]} 7. Ndb5 {[%clk 1:18:21]} Nxc3
{[%clk 1:31:45]} 8. Qxd8+ {[%clk 1:18:46]} Kxd8 {[%clk 1:32:09]} 9. Nxc3
{[%clk 1:19:12]} Bg7 {[%clk 1:32:32]} 10. e4 {[%clk 1:16:49]} Bxc3+
{[%clk 1:24:12]} 11. bxc3 {[%clk 1:16:59]} Be6 {[%clk 1:24:37]} 12. Be3
{[%clk 1:10:13]} f6 {[%clk 1:24:05]} 13. a4 {[%clk 1:07:20]} Nc6 {[%clk 1:21:24]}
14. a5 {[%clk 1:03:46]} Rc8 {[%clk 1:18:48]} 15. a6 {[%clk 1:00:15]} b6
{[%clk 1:17:34]} 16. Bb5 {[%clk 1:00:41]} Bd7 {[%clk 1:11:01]} 17. O-O
{[%clk 0:51:43]} e6 {[%clk 1:04:11]} 18. Rfd1 {[%clk 0:45:03]} Ke7
{[%clk 1:02:18]} 19. Bc1 {[%clk 0:41:36]} Rhd8 {[%clk 0:58:41]} 20. Ba3+
{[%clk 0:41:05]} Kf7 {[%clk 0:57:52]} 21. Rd6 {[%clk 0:39:56]} Be8
{[%clk 0:55:32]} 22. Rad1 {[%clk 0:21:57]} Rxd6 {[%clk 0:55:52]} 23. Bxd6
{[%clk 0:20:25]} Na5 {[%clk 0:51:56]} 24. Bxe8+ {[%clk 0:15:01]} Kxe8
{[%clk 0:51:24]} 25. Bb4 {[%clk 0:10:29]} Nc6 {[%clk 0:51:01]} 26. Bd6
{[%clk 0:08:28]} Rd8 {[%clk 0:50:57]} 27. f4 {[%clk 0:07:56]} Ne7
{[%clk 0:23:01]} 28. Rd4 {[%clk 0:07:14]} Nc8 {[%clk 0:22:10]} 29. Bb8
{[%clk 0:05:32]} Rxd4 {[%clk 0:22:30]} 30. cxd4 {[%clk 0:05:58]} Kd7
{[%clk 0:22:35]} 31. d5 {[%clk 0:04:45]} exd5 {[%clk 0:23:00]} 32. exd5
{[%clk 0:05:11]} Nd6 {[%clk 0:23:04]} 33. Kf2 {[%clk 0:04:41]} Nb5
{[%clk 0:21:24]} 34. f5 {[%clk 0:04:24]} Kc8 {[%clk 0:17:45]} 35. fxg6
{[%clk 0:04:45]} hxg6 {[%clk 0:18:10]} 36. Bf4 {[%clk 0:01:59]} Nc7
{[%clk 0:18:26]} 37. Bxc7 {[%clk 0:01:35]} Kxc7 {[%clk 0:18:51]} 38. Ke3
{[%clk 0:01:43]} Kd6 {[%clk 0:19:11]} 39. Kd4 {[%clk 0:01:59]} b5
{[%clk 0:18:24]} 40. g4 {[%clk 0:00:52]} g5 {[%clk 0:17:37]} 41. h3
{[%clk 0:27:28]} b4 {[%clk 0:45:25]} 42. Kc4 {[%clk 0:27:45]} b3 {[%clk 0:45:22]}
43. Kxb3 {[%clk 0:28:08]} Kxd5 {[%clk 0:45:49]} 44. Kb4 {[%clk 0:11:31]} Kc6
{[%clk 0:45:21]} 45. Kc4 {[%clk 0:11:58]} Kb6 {[%clk 0:45:44]} 46. Kd5
{[%clk 0:12:24]} Kxa6 {[%clk 0:46:09]} 47. Ke6 {[%clk 0:12:51]} Kb5
{[%clk 0:46:22]} 48. Kxf6 {[%clk 0:13:19]} a5 {[%clk 0:46:47]} 49. h4
{[%clk 0:12:08]} a4 {[%clk 0:47:00]} 50. hxg5 {[%clk 0:12:21]} a3
{[%clk 0:47:25]} 51. g6 {[%clk 0:12:47]} a2 {[%clk 0:47:51]} 52. g7
{[%clk 0:13:14]} a1=Q+ {[%clk 0:48:17]} 53. Kg6 {[%clk 0:12:57]} Qb1+
{[%clk 0:47:44]} 54. Kh6 {[%clk 0:12:33]} Qb3 {[%clk 0:47:48]} 55. Kh7
{[%clk 0:12:56]} Qh3+ {[%clk 0:48:13]} 0-1

[Event "Marianske Lazne 2023"]
[Site "?"]
[Date "2023.01.20"]
[Round "8.15"]
[White "Plischki, Sebastian"]
[Black "Pisk, Petr"]
[Result "0-1"]
[BlackElo "2305"]
[WhiteElo "2331"]
[LiveChessVersion "1.4.8"]

1. d4 {[%clk 1:30:58]} d5 {[%clk 1:30:34]} 2. c4 {[%clk 1:31:22]} e6
{[%clk 1:30:48]} 3. Nc3 {[%clk 1:31:41]} Nf6 {[%clk 1:30:59]} 4. cxd5
{[%clk 1:31:58]} exd5 {[%clk 1:30:56]} 5. Bf4 {[%clk 1:32:09]} c6
{[%clk 1:29:47]} 6. e3 {[%clk 1:32:30]} Bd6 {[%clk 1:29:42]} 7. Bxd6
{[%clk 1:32:51]} Qxd6 {[%clk 1:30:01]} 8. Bd3 {[%clk 1:33:12]} O-O
{[%clk 1:29:13]} 9. h3 {[%clk 1:31:52]} Re8 {[%clk 1:25:41]} 10. Qc2
{[%clk 1:31:37]} Nbd7 {[%clk 1:22:13]} 11. Nf3 {[%clk 1:31:56]} a5
{[%clk 1:15:00]} 12. O-O {[%clk 1:31:40]} Nf8 {[%clk 1:12:22]} 13. a3
{[%clk 1:30:01]} Ng6 {[%clk 1:09:24]} 14. Rab1 {[%clk 1:27:41]} Be6
{[%clk 1:06:17]} 15. Rfe1 {[%clk 1:21:26]} Nd7 {[%clk 1:00:28]} 16. Rec1
{[%clk 1:12:49]} Rf8 {[%clk 0:48:47]} 17. Na4 {[%clk 1:09:22]} f5
{[%clk 0:32:52]} 18. Nc5 {[%clk 0:58:39]} Nxc5 {[%clk 0:32:29]} 19. dxc5
{[%clk 0:55:25]} Qe7 {[%clk 0:24:56]} 20. Nd4 {[%clk 0:53:53]} Qf6
{[%clk 0:24:48]} 21. Re1 {[%clk 0:42:31]} Bd7 {[%clk 0:21:53]} 22. Qc3
{[%clk 0:37:43]} f4 {[%clk 0:16:25]} 23. Nf3 {[%clk 0:26:21]} fxe3
{[%clk 0:15:32]} 24. Rxe3 {[%clk 0:26:33]} Nf4 {[%clk 0:15:29]} 25. Qxf6
{[%clk 0:26:50]} Rxf6 {[%clk 0:15:44]} 26. Nd4 {[%clk 0:23:56]} Nxd3
{[%clk 0:07:06]} 27. Rxd3 {[%clk 0:24:19]} Bf5 {[%clk 0:07:30]} 28. Nxf5
{[%clk 0:24:23]} Rxf5 {[%clk 0:07:58]} 29. Re1 {[%clk 0:18:42]} a4
{[%clk 0:07:16]} 30. Re7 {[%clk 0:18:00]} Rf7 {[%clk 0:06:54]} 31. Rxf7
{[%clk 0:18:10]} Kxf7 {[%clk 0:07:21]} 32. Rd4 {[%clk 0:18:30]} Ra5
{[%clk 0:06:50]} 33. Rb4 {[%clk 0:17:56]} Rxc5 {[%clk 0:06:16]} 34. Rxb7+
{[%clk 0:18:21]} Kf6 {[%clk 0:06:37]} 35. g4 {[%clk 0:17:05]} h6 {[%clk 0:04:41]}
36. Kg2 {[%clk 0:15:56]} Rc2 {[%clk 0:04:23]} 37. Kg3 {[%clk 0:14:35]} d4
{[%clk 0:02:21]} 38. h4 {[%clk 0:10:36]} c5 {[%clk 0:01:48]} 39. f4
{[%clk 0:10:27]} c4 {[%clk 0:01:45]} 40. Rb6+ {[%clk 0:10:45]} Kf7
{[%clk 0:01:10]} 41. f5 {[%clk 0:00:48]} d3 {[%clk 0:27:44]} 42. Kf3
{[%clk 0:27:55]} Rh2 {[%clk 0:24:46]} 43. Rc6 {[%clk 0:14:30]} Rh3+
{[%clk 0:01:33]} 44. Kf2 {[%clk 0:14:39]} Rh1 {[%clk 0:00:54]} 45. Ke3
{[%clk 0:13:57]} Re1+ {[%clk 0:00:55]} 46. Kd2 {[%clk 0:13:23]} Re4
{[%clk 0:01:13]} 47. g5 {[%clk 0:12:06]} Rxh4 {[%clk 0:01:52]} 48. g6+
{[%clk 0:07:31]} Kf8 {[%clk 0:01:51]} 49. Kc3 {[%clk 0:04:34]} Rf4 50. Rc7 Rxf5
{[%clk 0:01:34]} 51. Rxc4 {[%clk 0:03:10]} Rd5 {[%clk 0:01:53]} 52. Kd2
{[%clk 0:03:31]} Rb5 {[%clk 0:01:51]} 53. Rxa4 {[%clk 0:03:24]} Rxb2+
{[%clk 0:02:20]} 54. Kxd3 {[%clk 0:03:47]} Rb6 {[%clk 0:02:42]} 55. Rf4+
{[%clk 0:02:10]} Ke8 {[%clk 0:02:45]} 56. Re4+ {[%clk 0:01:26]} Kd7
{[%clk 0:02:59]} 57. Rg4 {[%clk 0:01:03]} Rb3+ {[%clk 0:03:23]} 58. Kc2
{[%clk 0:01:16]} Rxa3 {[%clk 0:03:41]} 59. Rf4 {[%clk 0:01:38]} Re3
{[%clk 0:02:33]} 60. Kd2 {[%clk 0:01:21]} Re6 {[%clk 0:02:38]} 61. Rf7+
{[%clk 0:01:31]} Re7 {[%clk 0:03:00]} 62. Rf4 {[%clk 0:01:23]} Ke8
{[%clk 0:02:51]} 63. Rf3 {[%clk 0:00:40]} Re6 0-1